Self determination and conflict regulation in Sri Lanka, Northern Ireland and beyond (Record no. 634)

MARC details
000 -LEADER
fixed length control field 006490000a22002050004500
003 - CONTROL NUMBER IDENTIFIER
control field LK-CoMWRAF
005 - DATE AND TIME OF LATEST TRANSACTION
control field 20240922050311.0
008 - FIXED-LENGTH DATA ELEMENTS--GENERAL INFORMATION
fixed length control field 230817t ||||| |||| 00| 0 eng d
040 ## - CATALOGING SOURCE
Original cataloging agency LK-CoMWRAF
Modifying agency LK-CoMWRAF
Description conventions LK-CoMWRAF
041 ## - LANGUAGE CODE
Language code of text/sound track or separate title English
082 ## - DEWEY DECIMAL CLASSIFICATION NUMBER
Classification number 303.69
Item number ODU
942 ## - ADDED ENTRY ELEMENTS (KOHA)
Koha item type Books
100 ## - MAIN ENTRY--PERSONAL NAME
Personal name Duffy, O'Brendan
245 ## - TITLE STATEMENT
Title Self determination and conflict regulation in Sri Lanka, Northern Ireland and beyond
260 ## - PUBLICATION, DISTRIBUTION, ETC. (IMPRINT)
Name of publisher, distributor, etc. Colombo:
Place of publication, distribution, etc. International Centre for Ethnic Studies,
Date of publication, distribution, etc. 2003
300 ## - PHYSICAL DESCRIPTION
Extent 38 p.
490 ## - SERIES STATEMENT
Series statement ICES lecture/ discussion
520 ## - SUMMARY, ETC.
Summary, etc. Address given at the ICES Auditorium on 8 May, 2003
650 ## - SUBJECT ADDED ENTRY--TOPICAL TERM
Topical term or geographic name as entry element CONFLICT RESOLUTION
Holdings
Withdrawn status Lost status Damaged status Not for loan Permanent Location Current Location Date acquired Full call number Barcode Koha item type
        Resource center, Muslim Women's Research And Action Forum Resource center, Muslim Women's Research And Action Forum 2023-08-17 303.69 ODU RAF4107 Books

Copyright © 2023 Muslim Women's Research and Action Forum (MWRAF), No 27/3, Anderson Road, Kalubowila, Dehiwela. Funded by The Asia Fundation